PENANGGAL / (Record no. 195445)

MARC details
000 -LEADER
fixed length control field 00809nam a2200253 4500
003 - CONTROL NUMBER IDENTIFIER
control field OSt
005 - DATE AND TIME OF LATEST TRANSACTION
control field 20240326103829.0
008 - FIXED-LENGTH DATA ELEMENTS--GENERAL INFORMATION
fixed length control field 240324t20182018my a gr6 000 f may d
020 ## - INTERNATIONAL STANDARD BOOK NUMBER
International Standard Book Number 9789674463939
Terms of availability RM 0.00
Qualifying information paperback
040 ## - CATALOGING SOURCE
Original cataloging agency PPAK
Language of cataloging eng
Transcribing agency PPAK
Description conventions rda
082 ## - DEWEY DECIMAL CLASSIFICATION NUMBER
Edition number 23
Classification number 899.2333
090 ## - LOCALLY ASSIGNED LC-TYPE CALL NUMBER (OCLC); LOCAL CALL NUMBER (RLIN)
Classification number (OCLC) (R) ; Classification number, CALL (RLIN) (NR) 899.2333
Feature heading EQB
Feature heading G
100 0# - MAIN ENTRY--PERSONAL NAME
Personal name Eqbal Mohaydeen
Relator term Author
245 00 - TITLE STATEMENT
Title PENANGGAL /
Statement of responsibility, etc. EQBAL MOHAYDEEN
264 #1 - PRODUCTION, PUBLICATION, DISTRIBUTION, MANUFACTURE, AND COPYRIGHT NOTICE
Place of production, publication, distribution, manufacture Selangor :
Name of producer, publisher, distributor, manufacturer Grup Buku Karangkraf Sdn. Bhd.,
Date of production, publication, distribution, manufacture, or copyright notice 2018
300 ## - PHYSICAL DESCRIPTION
Extent 458 pages :
Other physical details Illustrations ;
Dimensions 18.3 cm
336 ## - CONTENT TYPE
Content type term text
Source rdacontent
337 ## - MEDIA TYPE
Media type term unmediated
Source rdamedia
338 ## - CARRIER TYPE
Carrier type term volume
Source rdacarrier
520 ## - SUMMARY, ETC.
Summary, etc. "Bila kepala telah putus, maka terputuslah perjanjian itu."
650 10 - SUBJECT ADDED ENTRY--TOPICAL TERM
Topical term or geographic name entry element Malaysian fiction (Malay)
Topical term or geographic name entry element Malay fiction
942 ## - ADDED ENTRY ELEMENTS (KOHA)
Source of classification or shelving scheme Dewey Decimal Classification
Koha item type Book
Holdings
Withdrawn Not for loan Current library Shelving location Date acquired Total Checkouts Full call number Barcode Checked out Date last seen Date last checked out Koha item type
    Perpustakaan Kulim Pinjaman Dewasa 12/05/2024 7 899.2333 EQB A00748193 30/06/2026 09/06/2026 09/06/2026 Book